ESPRESSO MACCHIATO - Statistics

Statistiche generali
  • Questo quiz è stato fatto 42 volte
  • Il punteggio medio è 98 su 177
Statistiche sulle risposte
Risposta % Corretto
espresso
100%
macchiato
94%
a
91%
amore
88%
mi
81%
por
81%
favore
78%
i
56%
to
44%
it
41%
be
38%
depresso
38%
no
38%
ciao
31%
i'm
31%
stresso
31%
tommaso
31%
corneo
28%
importante
28%
like
28%
you
28%
addicted
25%
bella
25%
gonna
25%
it's
25%
the
25%
tobacco
25%
very
25%
are
22%
life
22%
mafioso
22%
my
22%
need
22%
spaghetti
22%
grandioso
19%
is
19%
lemons
19%
make
19%
with
19%
busy
16%
casa
16%
dancing
16%
days
16%
demons
16%
hard
16%
numeroso
16%
ristorante
16%
scusi
16%
talk
16%
that's
16%
time
16%
and
13%
carati
13%
fly
13%
give
13%
money
13%
privati
13%
this
13%
twenty-four
13%
until
13%
why
13%
around
9%
clocko
9%
coffè
9%
just
9%
little
9%
may
9%
own
9%
sweating
9%
when
9%
work
9%
also
6%
Nessun quiz corrispondente trovato
Distribuzione punteggi
Percentuale di utenti per punteggio
Percentile per numero di risposta
I tuoi punteggi nel tempo
Non hai fatto questo quiz